00362cam a22000977a 4500008004000000082001900040245008800059260007500147300001100222700003100233180718b1953 xxu||||| |||| 00| 0 eng d aLoox5444 M999t aThe Mysore treasury code : with appendices and formscby Finance Department, Mysore aBangalorebThe Director of Printing , Stationery and Publicationc1953 a495+p. aMysore. Finance Department